00150nam a2200061Ia 4500008004100000100002100041245002600062120527s9999 xx 000 0 und d aFriedrichmen, L. aMicrosoft Access 2000